Statistics for 0201-弘南鉄道の駅

Click here to take the quiz!

General Stats

  • This quiz has been taken 26 times
  • The average score is 16 of 27

Answer Stats

本線% Correct
大鰐
95%
弘前
95%
中央弘前
95%
黒石
95%
田舎館
80%
田んぼアート
80%
平賀
75%
石川
75%
弘高下
70%
石川プール前
65%
義塾高校前
55%
宿川原
55%
小栗山
55%
聖愛中高前
50%
弘前学院大前
50%
津軽大沢
50%
津軽尾上
50%
弘前東高前
50%
千年
50%
運動公園前
50%
鯖石
45%
尾上高校前
40%
柏農高校前
35%
新里
30%
松木平
30%
境松
30%
館田
25%

Score Distribution

Percentile by Number Answered

Percent of People with Each Score

Your Score History

You have not taken this quiz